MARC

LEADER 00000nam0a2200000 4500
001 282306
005 20231101235503.0
020 |a RU  |b 84-66809 
035 |a (RuTPU)RU\TPU\book\306187 
090 |a 282306 
100 |a 20150129d1984 km y0rusy5003 ca 
101 0 |a rus 
102 |a RU 
105 |a a z 001zy 
200 1 |a Обеспечение качества нефтехимического оборудования  |f А. Д. Никифоров, В. И. Колчков, М. И. Поликарпов 
210 |a Москва  |c Машиностроение  |d 1984 
215 |a 173 с.  |c ил. 
225 1 |a Надежность и качество : межиздательская серия 
320 |a Библиогр.: с. 172 
606 1 |a Нефтехимические заводы  |x Оборудование  |x Качество  |2 stltpush  |3 (RuTPU)RU\TPU\subj\34151  |9 56181 
610 1 |a продукция 
610 1 |a управление 
610 1 |a методические основы 
610 1 |a комплектно-блочное оборудование 
610 1 |a компрессорное оборудование 
675 |a 665.65.02  |z rus  |v 4 
700 1 |a Никифоров  |b А. Д.  |g Анатолий Дмитриевич  |4 070 
701 1 |a Колчков  |b В. И.  |g Вячеслав Иванович 
701 1 |a Поликарпов  |b М. И.  |g Михаил Иванович 
801 0 |a RU  |b RuMRKP  |c 19950704  |g psbo 
801 1 |a RU  |b 63413507  |c 20150129 
801 2 |a RU  |b 63413507  |c 20170712  |g RCR 
942 |c BK